| 000 | 00415nam a22001697a 4500 | ||
|---|---|---|---|
| 003 | NUST - PNEC | ||
| 005 | 20170116181100.0 | ||
| 008 | 151002b xxu||||| |||| 00| 0 eng d | ||
| 020 | _a- | ||
| 040 | _cLIBRARY | ||
| 082 | _a621.38195 ASH | ||
| 100 |
_912362 _aAshton |
||
| 245 |
_adBase III plus: Programming with dBase III plus _cAshton |
||
| 260 | _c- | ||
| 650 |
_912365 _aProgramming _xMIS |
||
| 942 |
_2ddc _cBK |
||
| 999 |
_c68744 _d68744 |
||